Pro Museu de Badalona
Publicado:
Ruta, quinzenal portantveu d'Acció Catalana Republicana, núm. 41 (des. 1935), pàg. 2 :
Descripción Física:
44 cm
Otros Autores:
Museu de Badalona
MARC
| LEADER | 00000nam a2200000Ia 4500 | ||
|---|---|---|---|
| 001 | 22636 | ||
| 008 | 160829s9999 xx 000 0 cat d | ||
| 080 | |a FU-48-6 | ||
| 245 | |a Pro Museu de Badalona | ||
| 260 | |a Ruta, quinzenal portantveu d'Acció Catalana Republicana, núm. 41 (des. 1935), pàg. 2 | ||
| 300 | |a 44 cm | ||
| 610 | 2 | 0 | |a Museu de Badalona |9 54991 |
| 650 | |a Clos de la Torre (Badalona : Jaciment arqueològic) |9 46433 | ||
| 700 | |a Museu de Badalona | ||
| 901 | |a Arxiu | ||
| 942 | |n 1 | ||
| 952 | |0 0 |1 0 |4 0 |6 FU486 |7 1 |9 52326 |a Arxiu |b Arxiu |d 2016-12-01 |l 0 |o FU-48-6 |p 22636 |r 2016-12-01 00:00:00 |w 2016-12-01 |y ARXIU | ||
| 999 | |c 56174 |d 56174 | ||